Statistics for Geography by Letter - T

Click here to take the quiz!

General Stats

  • This quiz has been taken 75,946 times
    (61,084 since last reset)
  • The average score is 18 of 24

Answer Stats

HintAnswer% Correct
Biggest city in JapanTokyo
99%
Biggest city in CanadaToronto
98%
London's riverThames
93%
"Don't mess" with this U.S. stateTexas
90%
Title for the emperor of RussiaTsar
90%
Probably India's most famous landmarkTaj Mahal
89%
Capital of IranTehran
88%
Mexican liquor made from agaveTequila
88%
Island just south of mainland AustraliaTasmania
84%
Himalayan region annexed by
China in 1950
Tibet
84%
Country where Mt. Kilimanjaro is locatedTanzania
83%
Korean martial artTaekwondo
78%
Fundamentalist group that ruled
Afghanistan from 1996-2001
Taliban
77%
Treeless Arctic or Alpine grasslandTundra
75%
Region of Italy. Florence is its capitalTuscany
72%
London square and location
of Nelson's column
Trafalgar
70%
Chinese religion that follows
the teachings of Laozi
Taoism
65%
Rome's riverTiber
60%
River that flows into a larger riverTributary
55%
Language of the PhilippinesTagalog
54%
Polynesian island visited by the HMS BountyTahiti
54%
Major lake high in the AndesTiticaca
53%
Host of the 2006 Winter OlympicsTurin
44%
Term for a coniferous, sub-arctic forestTaiga
37%

Score Distribution

Percentile by Number Answered

Percent of People with Each Score

Your Score History

You have not taken this quiz since the last reset